| 000 | 00599nam a2200181Ia 4500 | ||
|---|---|---|---|
| 008 | 090711s9999 xx 000 0 und d | ||
| 082 | _b1300 | ||
| 100 | _aदीप मोहन | ||
| 245 | _aरेखा ओ रेखा | ||
| 260 |
_bशिवानी पब्लिकेशन्स _c2000 |
||
| 300 | _a224 | ||
| 600 | _aदीप मोहन | ||
| 630 | _aरेखा ओ रेखा | ||
| 700 | _aदीप मोहन | ||
| 700 | _aघाटपांडे महेश / ठाकूर योगेंद्र | ||
| 730 | _aरेखा ओ रेखा | ||
| 942 | _cBOOK | ||
| 999 |
_c338302 _d338302 |
||